|
|
|
|
| LEADER |
00000nab a2200000 ar4500 |
| 001 |
vtls008872448 |
| 003 |
SK-MaSNL |
| 005 |
20260318125127.0 |
| 008 |
061010c20061002xo |||||||| 000 b|hun |
| 015 |
|
|
|a SNBRB2006/10
|2 snkbucl
|
| 038 |
|
|
|a SNKBUCL
|
| 040 |
|
|
|a DSZK
|b slo
|c DSZK
|e AACR2
|d SNKBUCL
|
| 041 |
0 |
|
|a hun
|
| 044 |
|
|
|a xo
|c SK
|
| 080 |
|
|
|a 81`276.6:811.511.141:349.2
|2 1997
|
| 080 |
|
|
|a 811.511.141`276.6:349.2
|2 1997
|
| 080 |
|
|
|a 349.2
|2 1997
|
| 100 |
1 |
|
|a Szabómihály, Gizella,
|d 1956-
|4 aut
|9 102332
|
| 245 |
1 |
0 |
|a Jutalmazás és javadalmazás
|c Szabómihály Gizella
|
| 300 |
|
|
|b Fotogr.
|
| 650 |
0 |
7 |
|a pracovné právo
|x terminológia
|2 snkbucl
|9 1305479
|
| 650 |
0 |
7 |
|a maďarčina
|x terminológia
|x termíny označujúce prémiu, odmenu
|x maďarské ekvivalenty
|2 snkbucl
|9 1305480
|
| 650 |
0 |
7 |
|a odborná terminológia
|2 snkbucl
|9 3616
|
| 773 |
0 |
|
|t Új szó
|g Évf. 59, sz. 226 (2.10.2006), o. 6
|
| 852 |
|
|
|a SNK
|b KIS3GCP
|
| 852 |
|
|
|a DSZK
|b KIS3GCP
|
| 958 |
|
|
|a HU
|
| 999 |
|
|
|c 2622513
|d 2624443
|